| 000 | 00479nam a22001697a 4500 | ||
|---|---|---|---|
| 003 | OSt | ||
| 005 | 20130425180530.0 | ||
| 008 | 130425s2004 sp ||||| |||| 00| 0 cat d | ||
| 020 | _a8496366219 | ||
| 040 | _cCDMR | ||
| 100 | 1 |
_93280 _aSoler García de Oteyza, Guillermo |
|
| 245 | 1 | 3 |
_aEl periodisme casteller _b: un cas d'identitat _cGuillermo Soler García de Oteyza |
| 260 |
_aTarragona _bArola _c2004 |
||
| 300 | _a183 p. | ||
| 650 | 0 | 4 |
_9195 _aPremsa _zCatalunya |
| 942 |
_2udc _cMON |
||
| 999 |
_c6137 _d6137 |
||